| 000 | 00526nam a2200193Ia 4500 | ||
|---|---|---|---|
| 005 | 20250326145450.0 | ||
| 008 | 250326s9999 xx 000 0 und d | ||
| 037 | _aTextbook | ||
| 040 |
_aFMSL _beng _cFMSL |
||
| 041 |
_aeng _2eng |
||
| 084 | _qFMSL | ||
| 100 |
_aNash M _9741531 |
||
| 245 | 0 |
_aAnatomy of Serious further offending _cNash M; Williams A |
|
| 260 |
_aUnited Kingdom _bUnited Kingdom, Oxford _c2008 |
||
| 365 | _b3978.1700000000001 | ||
| 650 | _aManagement | ||
| 942 | _cTB | ||
| 999 |
_c1307671 _d1307671 |
||